<?xml version="1.0" encoding="UTF-8"?>
<record
    xmlns:xsi="http://www.w3.org/2001/XMLSchema-instance"
    xsi:schemaLocation="http://www.loc.gov/MARC21/slim http://www.loc.gov/standards/marcxml/schema/MARC21slim.xsd"
    xmlns="http://www.loc.gov/MARC21/slim">

  <leader>01148nam a22002417a 4500</leader>
  <datafield tag="999" ind1=" " ind2=" ">
    <subfield code="c">22692</subfield>
    <subfield code="d">22692</subfield>
  </datafield>
  <controlfield tag="003">OSt</controlfield>
  <controlfield tag="005">20230810095158.0</controlfield>
  <controlfield tag="008">230809b           ||||| |||| 00| 0 eng d</controlfield>
  <datafield tag="040" ind1=" " ind2=" ">
    <subfield code="a">Municipalidad Provincial del Cusco</subfield>
    <subfield code="b">spa</subfield>
    <subfield code="c">Biblioteca Municipal del Cusco</subfield>
  </datafield>
  <datafield tag="082" ind1=" " ind2=" ">
    <subfield code="a">985.632 /</subfield>
    <subfield code="b">H77</subfield>
  </datafield>
  <datafield tag="100" ind1=" " ind2=" ">
    <subfield code="9">1118</subfield>
    <subfield code="a">Hostnig, Rainer </subfield>
  </datafield>
  <datafield tag="245" ind1=" " ind2=" ">
    <subfield code="a">El Santuario Nacional Ampay /</subfield>
    <subfield code="b">Refugio de la Intimpa en Apur&#xED;mac-Per&#xFA;. /</subfield>
    <subfield code="c">Rainer Hostnig ;Ciro Palomino Dongo</subfield>
  </datafield>
  <datafield tag="250" ind1=" " ind2=" ">
    <subfield code="a">Abancay:</subfield>
    <subfield code="b">Rainer Hostnig</subfield>
  </datafield>
  <datafield tag="260" ind1=" " ind2=" ">
    <subfield code="a">Abancay:</subfield>
    <subfield code="b">Foto litograf&#xED;a publicaciones,</subfield>
    <subfield code="c">1997</subfield>
  </datafield>
  <datafield tag="300" ind1=" " ind2=" ">
    <subfield code="a">153 p&#xE1;ginas ;</subfield>
    <subfield code="b">il. col. ; diagrs. ; mapas ; plano ;</subfield>
    <subfield code="c">21.5 cm.</subfield>
  </datafield>
  <datafield tag="505" ind1=" " ind2=" ">
    <subfield code="a">Introducci&#xF3;n -- Gesti&#xF3;n y establecimiento del santuario nacional Ampay -- El medio natural -- La presencia del hombre -- Ecoturismo y aventura -- Apu-rimak = El Dios que habla -- Im&#xE1;genes de Apurimac -- Anexo bibliogr&#xE1;fico -- Datos biogr&#xE1;ficos de autores y colaboradores.
</subfield>
  </datafield>
  <datafield tag="650" ind1=" " ind2="0">
    <subfield code="9">7271</subfield>
    <subfield code="a">Apur&#xED;mac (Per&#xFA; : Departamento)</subfield>
  </datafield>
  <datafield tag="650" ind1=" " ind2="0">
    <subfield code="9">25408</subfield>
    <subfield code="a">Ecoturismo</subfield>
  </datafield>
  <datafield tag="650" ind1=" " ind2="0">
    <subfield code="9">12199</subfield>
    <subfield code="a">Arte rupestre.</subfield>
  </datafield>
  <datafield tag="700" ind1=" " ind2=" ">
    <subfield code="9">7276</subfield>
    <subfield code="a">Palomino Dongo, Ciro</subfield>
  </datafield>
  <datafield tag="942" ind1=" " ind2=" ">
    <subfield code="2">ddc</subfield>
    <subfield code="c">LIBROS</subfield>
  </datafield>
  <datafield tag="945" ind1=" " ind2=" ">
    <subfield code="a">vcp</subfield>
    <subfield code="d">2023-08-09</subfield>
  </datafield>
  <datafield tag="952" ind1=" " ind2=" ">
    <subfield code="0">0</subfield>
    <subfield code="1">0</subfield>
    <subfield code="2">ddc</subfield>
    <subfield code="4">0</subfield>
    <subfield code="7">0</subfield>
    <subfield code="a">SCA</subfield>
    <subfield code="b">SCA</subfield>
    <subfield code="c">CART</subfield>
    <subfield code="d">2023-04-24</subfield>
    <subfield code="e">Donaci&#xF3;n</subfield>
    <subfield code="o">985.632 / H77</subfield>
    <subfield code="p">SCA0003984</subfield>
    <subfield code="r">2023-08-09</subfield>
    <subfield code="v">45.00</subfield>
    <subfield code="w">2023-08-09</subfield>
    <subfield code="y">LIBROS</subfield>
  </datafield>
</record>
